Llwytho...
Olympic games /
| Prif Awdur: | |
|---|---|
| Iaith: | Undetermined |
| Cyhoeddwyd: |
New Delhi :
Subhra Mukherjee ,
1980.
|
| LEADER | 00435nam a2200133Ia 4500 | ||
|---|---|---|---|
| 001 | 30158 | ||
| 008 | 170722s9999 xx 000 0 und d | ||
| 100 | |a Mukherjee, Sadananda | ||
| 245 | |a Olympic games / | ||
| 260 | |a New Delhi : |b Subhra Mukherjee , |c 1980. | ||
| 300 | |a 174+16 |c 21.5cms | ||
| 942 | |c GEN | ||
| 999 | |c 102658 |d 102658 | ||
| 952 | |0 0 |1 0 |4 0 |6 MY__1DM96_M0 |7 0 |8 CR |9 144418 |a LIB |b LIB |d 2017-08-12 |h CR |o MY.1,d,M96 M0 |p 192620 |r 2017-08-12 |w 2017-08-12 |y GEN | ||